تنمية الموارد البشرية = (رقم التسجيلة. 23668)

تفاصيل مارك
000 -الفاتح
حقل البيانات ثابتة الطول 00875nam a22002417a 4500
003 - محدد رقم الضبط
رقم الضبط OSt
005 - وقت وتاريخ اخر تعامل مع التسجيلة
رقم الضبط 20150408114039.0
008 - عناصر البيانات ثابتة الطول - معلومات عامة
حقل البيانات ثابتة الطول 120524s2011 ua a g 00| 0 ara d
020 ## - الرقم الدولى المعيارى للكتب
الرقم الدولى المعيارى للكتاب 9789776298460
040 ## - مصدر الفهرسة
وكالة النسخ MU
082 04 - رقم تصنيف ديوى العشرى
رقم الطبعة 21
رقم التصنيف 658.3124
رقم المادة س م ت
100 1# - المدخل الرئيسى - إسم شخصى
الإسم الشخصى سالم، محمود يحيى.
9 (RLIN) 14928
245 10 - بيان العنوان
العنوان تنمية الموارد البشرية =
بقية العنوان Human resources development /
بيان المسئوليه,etc تأليف محمود يحيى سالم.
246 31 - العنوان الموازى
عنوان صحيح/عنوان مختصر Human resources development
250 ## - بيان الطبعة
بيان الطبعة ط. 1.
260 ## - PUBLICATION, DISTRIBUTION, ETC. (IMPRINT)
مكان الناشر او الموزع القاهرة :
اسم الناشر او الموزع المجموعة العربية للتدريب والنشر،
تاريخ النشر أو التوزيع 2012.
300 ## - الوصف المادى
التعداد 170 ص. ؛
أبعاد الوعاء 24 سم.
650 #4 - المدخل الاضافى بالموضوع-مصطلح موضوعى
مصطلح موضوعي أو اسم جغرافي كعنصر مدخل التنمية الإدارية.
9 (RLIN) 14929
650 #4 - المدخل الاضافى بالموضوع-مصطلح موضوعى
مصطلح موضوعي أو اسم جغرافي كعنصر مدخل الموارد البشريه.
9 (RLIN) 14930
650 #4 - المدخل الاضافى بالموضوع-مصطلح موضوعى
مصطلح موضوعي أو اسم جغرافي كعنصر مدخل التدريب الإداري.
9 (RLIN) 14931
650 #4 - المدخل الاضافى بالموضوع-مصطلح موضوعى
مصطلح موضوعي أو اسم جغرافي كعنصر مدخل إدارة الأفراد.
9 (RLIN) 12283
942 ## - عناصر المدخل الإضافي( كوها)
مصدر التصنيف او مخطط الترفيف Dewey Decimal Classification
Koha [default] item type DVD
المقتنيات
حالة الفقد نموذج السعر الفعال حالة تلف ليس للاعارة رقم الطلب رقم النسخة تاريخ الاكتساب الموقع الحالي الباركود الفرع الرئيسي Date last seen نوع المادة فى نظام كوها مصدر التصنيف او خطة الترفيف Total Checkouts Total Renewals Date last checked out
  2013-03-10     658.3124 س م ت ن 1 2012-05-24 المكتبة المركزية بالمجمعة (CL) 00103041 المكتبة المركزية بالمجمعة (CL) 2013-03-10 كتاب Dewey Decimal Classification      
  2013-03-10     658.3124 س م ت ن 2 2012-05-24 المكتبة المركزية بالمجمعة (CL) 00103042 المكتبة المركزية بالمجمعة (CL) 2013-03-10 كتاب Dewey Decimal Classification      
  2013-03-10     658.3124 س م ت ن 3 2012-05-24 المكتبة المركزية بالمجمعة (CL) 00103043 المكتبة المركزية بالمجمعة (CL) 2024-05-23 كتاب Dewey Decimal Classification 1 1 2024-05-09
  2013-03-10     658.3124 س م ت ن 1 2012-05-24 قسم الاجراءات الفنية (IC) 00103044 قسم الاجراءات الفنية (IC) 2020-11-12 كتاب Dewey Decimal Classification 4 1 2020-09-07
  2013-03-10     658.3124 س م ت ن 1 2012-05-24 مكتبة كلية العلوم و الدراسات الإنسانية برماح - طالبات (SRF) 00103048 مكتبة كلية العلوم و الدراسات الإنسانية برماح - طالبات (SRF) 2017-12-06 كتاب Dewey Decimal Classification 1   2017-11-16
  2013-03-10     658.3124 س م ت ن 2 2012-05-24 مكتبة كلية العلوم و الدراسات الإنسانية برماح - طالبات (SRF) 00103049 مكتبة كلية العلوم و الدراسات الإنسانية برماح - طالبات (SRF) 2016-03-24 كتاب Dewey Decimal Classification 1   2016-02-23
  2013-03-10     658.3124 س م ت ن 1 2012-05-24 مكتبة كلية العلوم و الدراسات الإنسانية برماح - طلاب (SRM) 00103046 مكتبة كلية العلوم و الدراسات الإنسانية برماح - طلاب (SRM) 2013-03-10 كتاب Dewey Decimal Classification      
  2013-03-10     658.3124 س م ت ن 2 2012-05-24 مكتبة كلية العلوم و الدراسات الإنسانية برماح - طلاب (SRM) 00103047 مكتبة كلية العلوم و الدراسات الإنسانية برماح - طلاب (SRM) 2013-03-10 كتاب Dewey Decimal Classification